000
00307nam a2200109Ia 4500
008
200302s9999 xx 000 0 und d
100
_a
Peter Bosselmann
245
_a
Representation of Places Reality and Realism in City Design
260
_b
University of California Press
260
_c
1998
300
_a
228 P.,
999
_c
5755
_d
5755